Solar photovoltaics : fundamentals, technologies and applications (Record no. 356086)
[ view plain ]
| 000 -LEADER | |
|---|---|
| fixed length control field | 00419nam a22001217a 4500 |
| 008 - FIXED-LENGTH DATA ELEMENTS--GENERAL INFORMATION | |
| fixed length control field | 160503b xxu||||| |||| 00| 0 eng d |
| 082 ## - DEWEY DECIMAL CLASSIFICATION NUMBER | |
| Edition number | 22 |
| Classification number | 621.381542 |
| Author Mark | SOL-S 2011 |
| 100 1# - MAIN ENTRY--PERSONAL NAME | |
| Personal name | Solanki, Chetan Singh |
| 245 ## - TITLE STATEMENT | |
| Title | Solar photovoltaics : fundamentals, technologies and applications |
| Statement of responsibility, etc. | Chetan Singh Solanki, |
| 300 ## - PHYSICAL DESCRIPTION | |
| Extent | xv, 478p: |
| Other physical details | index; |
| 650 ## - SUBJECT ADDED ENTRY--TOPICAL TERM | |
| Source of heading or term | Photovoltaic power systems |
| Topical term or geographic name entry element | Photovoltaic cells |
| 942 ## - ADDED ENTRY ELEMENTS (KOHA) | |
| Source of classification or shelving scheme | |
| Koha item type | Book |
| Withdrawn status | Lost status | Source of classification or shelving scheme | Damaged status | Not for loan | Collection code | Permanent Location | Current Location | Shelving location | Date acquired | Source of acquisition | Cost, normal purchase price | Total Checkouts | Total Renewals | Full call number | Barcode | Date last seen | Date last checked out | Price effective from | Koha item type |
|---|---|---|---|---|---|---|---|---|---|---|---|---|---|---|---|---|---|---|---|
| US-Pakistan Center for Advanced Studies in Energy (USPCAS-E) | US-Pakistan Center for Advanced Studies in Energy (USPCAS-E) | 05/03/2016 | Pak books | 768.24 | 5 | 4 | 621.381542 SOL-S 2011 | CAS-E0000506 | 01/09/2025 | 10/01/2024 | 05/03/2016 | Book |
